Statistics for Countries with the Most Men (Males)

Click here to take the quiz!

General Stats

  • This quiz has been taken 83 times
  • The average score is 17 of 20

Answer Stats

Men Country % Correct
707,735,243  China
100%
159,065,228  United States
100%
667,694,423  India
97%
67,757,232  Russia
96%
100,684,832  Pakistan
93%
59,889,061  Mexico
93%
101,848,232  Brazil
92%
129,352,500  Indonesia
90%
40,109,254  Germany
89%
61,779,231  Japan
88%
95,327,216  Nigeria
88%
45,969,560  Egypt
86%
39,760,334  Turkey
86%
39,934,161  Iran
84%
42,299,367 DR Congo
78%
77,123,021  Bangladesh
77%
51,477,200  Philippines
75%
45,386,869 Vietnam
74%
45,400,926  Ethiopia
74%
32,299,682  Thailand
71%

Score Distribution

Percentile by Number Answered

Percent of People with Each Score

Your Score History

You have not taken this quiz